The Perception on the Filipino seafears on-board the foreign ocean-going vessel on international maritime org. (IMD) standards. (Record no. 96320)
[ view plain ]
| 000 -LEADER | |
|---|---|
| fixed length control field | 00368nam a2200109 a 4500 |
| 005 - DATE AND TIME OF LATEST TRANSACTION | |
| control field | 20140408090024.0 |
| 008 - FIXED-LENGTH DATA ELEMENTS--GENERAL INFORMATION | |
| fixed length control field | 021121s19uu xx 00 eng d |
| 050 ## - LIBRARY OF CONGRESS CALL NUMBER | |
| Classification number | PGS '00 |
| Item number | BUE #18 |
| 100 ## - MAIN ENTRY--PERSONAL NAME | |
| Personal name | Buen, Danilo Jr. |
| 245 ## - TITLE STATEMENT | |
| Title | The Perception on the Filipino seafears on-board the foreign ocean-going vessel on international maritime org. (IMD) standards. |
| 942 ## - ADDED ENTRY ELEMENTS (KOHA) | |
| Koha item type | PASS |
| Withdrawn status | Lost status | Damaged status | Home library | Current library | Shelving location | Date acquired | Source of acquisition | Total Checkouts | Full call number | Barcode | Date last seen | Price effective from | Koha item type |
|---|---|---|---|---|---|---|---|---|---|---|---|---|---|
| Luxembourg Library | Luxembourg Library | Portfolio Assessment of SISC Students Section | 11/21/2002 | PGS '00 BUE #18 | P0258 | 04/08/2014 | 04/08/2014 | PASS |